Normal view
MARC view
- Supervisor: Dr. Sanaullah Khan
Entry Topical Term
001 - CONTROL NUMBER
- control field: 130636
003 - CONTROL NUMBER IDENTIFIER
- control field: NUST
005 - DATE AND TIME OF LATEST TRANSACTION
- control field: 20250923134015.0
008 - FIXED-LENGTH DATA ELEMENTS
- fixed length control field: 250923|| aca||aabn | a|a d
040 ## - CATALOGING SOURCE
- Original cataloging agency: NUST
- Transcribing agency: NUST
150 ## - HEADING--TOPICAL TERM
- Topical term or geographic name entry element: Supervisor: Dr. Sanaullah Khan
670 ## - SOURCE DATA FOUND
- Source citation: Work cat.: (NUST): Niazi, Shahmir 130635, Media’s Role in Fostering Democratic Governance in Post-Colonial States: A Comparative Study of Pakistan and India/
